000 00403nam a22001097a 4500
999 _c18710
_d18710
008 210119b xxu||||| |||| 00| 0 eng d
050 _aGMB0693
_b.S25 2018 c.1
100 _aSakura, Sylvia Chepkorir
245 _aRelationship between business continuity management practices anf organizational performance
_ba case of security firms
_c Sylvia Chepkorir Sakura
300 _a80 leaves
942 _2lcc
_cTHE